Sackettovci 1.-2. zv. Za zlatom

Bibliographic Details
Main Author: L'Amour, Louis, 1908-1988 (Author)
Format: Book
Language:Slovak
English
PhysicalDescription:2 zv. ([114, 162] s.) v Braillovom písme 29x26 cm
Published: Levoča Slovenská knižnica pre nevidiacich Mateja Hrebendu 2003
ISBN:808047480X
Subjects:

MARC

LEADER 00000cam a2200000 a 4500
001 vtls001418696
003 SK-MaSNL
005 20260301072241.0
008 240801s2003 xo gf 0000f slo
015 |a SNBK2003/02-01093 
020 |a 808047480X 
035 |a SNK000373497 
040 |a SNK  |b slo  |c SNK  |e AACR2 
041 1 |a slo  |h eng 
044 |a xo  |c SK 
072 7 |a 821.111(73)-3  |x Americká próza  |2 konspekt 
080 |a 821.111 (73)-3(02.056.262)  |2 1981 
100 1 |a L'Amour, Louis,  |d 1908-1988  |4 aut  |9 205449 
245 1 0 |a Sackettovci  |h Braillovo písmo  |c Luis L'Amour  |n 1.-2. zv.  |p Za zlatom 
260 |a Levoča  |b Slovenská knižnica pre nevidiacich Mateja Hrebendu  |c 2003 
300 |a 2 zv. ([114, 162] s.) v Braillovom písme  |c 29x26 cm 
500 |a 5 výt. 
655 7 |a americké romány  |2 SNKPH  |9 1174 
655 7 |a dobrodružné romány  |2 SNKPH  |9 70486 
655 7 |a publikácie pre nevidiacich  |2 SNKPH  |9 70695 
852 |a Slovenská národná knižnica 
919 |a 80-8047-480-X 
954 |a beletria cudzojazyčná (svetová)  |2 lita 
958 |a KST 
958 |a UP 
958 |a LX 
958 |a NS 
958 |a US 
958 |a SX 
968 |b ENG  |d 821 
999 |c 640461  |d 642391 
952 |t P60, <03>, [BOOK], {603}  |a SNK  |b SNK  |y PREZ  |7 0  |p 17A0378925  |o snkOSB 13615/2  |i snkKSP 4939/2003  |0 0  |1 0  |4 0  |d 2003-04-09  |l 0  |r 2005-01-02 00:00:00  |w 2026-02-23 
952 |t P60, <03>, [BOOK], {603}  |a SNK  |b SNK  |y PREZ  |7 0  |p 17A0378926  |o snkOSB 13615/1  |i snkKSP 4938/2003  |0 0  |1 0  |4 0  |d 2003-04-09  |l 0  |r 2005-01-02 00:00:00  |w 2026-02-23